<?xml version="1.0" encoding="UTF-8"?>
<collection xmlns:xsi="http://www.w3.org/2001/XMLSchema-instance" xsi:schemaLocation="http://www.loc.gov/MARC21/slim http://www.loc.gov/standards/marcxml/schema/MARC21slim.xsd" xmlns="http://www.loc.gov/MARC21/slim">
 <record>
  <leader>00000nam a2200000 i 4500</leader>
  <controlfield tag="001">UP-8027390931311555139</controlfield>
  <controlfield tag="003">Buklod</controlfield>
  <controlfield tag="005">20250213111209.0</controlfield>
  <controlfield tag="006">m    |o  d |      </controlfield>
  <controlfield tag="007">cr |||||||||||</controlfield>
  <controlfield tag="008">250213s2016    xx     |     ||   ||eng  </controlfield>
  <datafield tag="020" ind1=" " ind2=" ">
   <subfield code="a">9789004254725 (eBook)</subfield>
  </datafield>
  <datafield tag="020" ind1=" " ind2=" ">
   <subfield code="a">9789004324084 (eBook)</subfield>
  </datafield>
  <datafield tag="035" ind1=" " ind2=" ">
   <subfield code="a">19089627</subfield>
  </datafield>
  <datafield tag="040" ind1=" " ind2=" ">
   <subfield code="a">DLC</subfield>
   <subfield code="d">DLAW</subfield>
   <subfield code="e">rda</subfield>
  </datafield>
  <datafield tag="041" ind1="0" ind2=" ">
   <subfield code="a">eng</subfield>
  </datafield>
  <datafield tag="042" ind1=" " ind2=" ">
   <subfield code="a">cc</subfield>
  </datafield>
  <datafield tag="082" ind1="0" ind2=" ">
   <subfield code="a">346.04/695616091632</subfield>
   <subfield code="2">23</subfield>
  </datafield>
  <datafield tag="084" ind1=" " ind2=" ">
   <subfield code="a">K 3485 </subfield>
   <subfield code="b">J35 2016eb</subfield>
  </datafield>
  <datafield tag="100" ind1="1" ind2=" ">
   <subfield code="a">Jakobsen, Ingvild Ulrikke</subfield>
   <subfield code="d">1974-</subfield>
   <subfield code="e">author.</subfield>
  </datafield>
  <datafield tag="245" ind1="1" ind2="0">
   <subfield code="a">Marine protected areas in international law</subfield>
   <subfield code="b">an Arctic perspective</subfield>
   <subfield code="c">by Ingvild Ulrikke Jakobsen.</subfield>
   <subfield code="h">Electronic resources.</subfield>
  </datafield>
  <datafield tag="264" ind1=" " ind2="1">
   <subfield code="a">Leiden</subfield>
   <subfield code="a">Boston</subfield>
   <subfield code="b">Brill Nijhoff</subfield>
   <subfield code="c">[2016]</subfield>
  </datafield>
  <datafield tag="300" ind1=" " ind2=" ">
   <subfield code="a">1 online resource (xvi, 435 pages)</subfield>
   <subfield code="c">25 cm.</subfield>
  </datafield>
  <datafield tag="336" ind1=" " ind2=" ">
   <subfield code="a">text</subfield>
   <subfield code="b">txt</subfield>
   <subfield code="2">rdacontent</subfield>
  </datafield>
  <datafield tag="337" ind1=" " ind2=" ">
   <subfield code="a">computer</subfield>
   <subfield code="2">rdamedia</subfield>
  </datafield>
  <datafield tag="338" ind1=" " ind2=" ">
   <subfield code="a">online resource</subfield>
   <subfield code="b">nc</subfield>
   <subfield code="2">rdacarrier</subfield>
  </datafield>
  <datafield tag="490" ind1="0" ind2=" ">
   <subfield code="a">Queen Mary studies in international law</subfield>
   <subfield code="x">1877-4822</subfield>
   <subfield code="v">volume 25</subfield>
  </datafield>
  <datafield tag="500" ind1=" " ind2=" ">
   <subfield code="a">Based on author's thesis (doctoral - University of Tromsø, the Arctic University of Norway, 2010) issued under title: Marine protected areas in international law a Norwegian perspective--Verso of title page.</subfield>
  </datafield>
  <datafield tag="504" ind1=" " ind2=" ">
   <subfield code="a">Includes bibliographical references (pages 407-426) and index.</subfield>
  </datafield>
  <datafield tag="505" ind1="0" ind2=" ">
   <subfield code="a">Introduction -- Legal competence to establish MPAS within national jurisdiction and on the high seas -- From a functional to a holistic approach -- Pre-LOS Convention : principles in customary law -- The traditional approach of the LOS Convention to protect and preserve the marine environment and to conserve living resources -- Developments since 1982 : the obligations to protect and conserve marine biodiversity -- Global obligations on conservation of marine biological diversity -- Regional obligations and implementation of obligations on conservation of marine biodiversity -- Conclusions -- Legal obligations to establish MPAS - introductory remarks -- The LOS Convention and establishment and management of MPAS -- Is there a legal duty to establish MPAS under the CBD? -- When is there a legal obligation under the CBD to establish MPAS? -- The management of MPAS under the CBD convention -- The OSPAR Convention and MPAs -- MPAs under the Arctic Council -- The relationship between the CBD and the LOS Convention :  conflicting norms and mechanisms for solving them -- Regulation of navigation in MPAS -- Specially designated areas to protect the marine environment against impact of international shipping activities -- Final remarks.</subfield>
  </datafield>
  <datafield tag="630" ind1="0" ind2="0">
   <subfield code="a">Convention for the Protection of the Marine Environment of the North-East Atlantic</subfield>
   <subfield code="d">(22 September 1992)</subfield>
  </datafield>
  <datafield tag="630" ind1="0" ind2="0">
   <subfield code="a">Convention on Biological Diversity</subfield>
   <subfield code="d">(1992 June 5)</subfield>
  </datafield>
  <datafield tag="630" ind1="0" ind2="0">
   <subfield code="a">United Nations Convention on the Law of the Sea</subfield>
   <subfield code="d">(1982 December 10)</subfield>
  </datafield>
  <datafield tag="650" ind1=" " ind2="0">
   <subfield code="a">Environmental law, International.</subfield>
   <subfield code="a">Electronic book.</subfield>
  </datafield>
  <datafield tag="650" ind1=" " ind2="0">
   <subfield code="a">Marine biodiversity conservation</subfield>
   <subfield code="x">Law and legislation</subfield>
   <subfield code="z">Arctic Regions.</subfield>
  </datafield>
  <datafield tag="650" ind1=" " ind2="0">
   <subfield code="a">Marine parks and reserves</subfield>
   <subfield code="x">Law and legislation</subfield>
   <subfield code="z">Arctic Regions.</subfield>
  </datafield>
  <datafield tag="650" ind1=" " ind2="0">
   <subfield code="a">Marine resources conservation</subfield>
   <subfield code="x">Law and legislation</subfield>
   <subfield code="z">Arctic Regions.</subfield>
  </datafield>
  <datafield tag="776" ind1="0" ind2="8">
   <subfield code="a">Jakobsen, Ingvild Ulrikke, 1974- author.</subfield>
   <subfield code="i">Online version</subfield>
   <subfield code="d">Leiden ; Boston : Brill Nijhoff, 2016</subfield>
   <subfield code="t">Marine protected areas in international law</subfield>
   <subfield code="w">(DLC) 2016022251</subfield>
   <subfield code="z">9789004324084.</subfield>
  </datafield>
  <datafield tag="856" ind1="0" ind2="0">
   <subfield code="u">Open Athens</subfield>
   <subfield code="y">click here to access</subfield>
   <subfield code="z">Available to all UP Students (Open Athens)</subfield>
   <subfield code="3">University of the Philippines, College of Law</subfield>
  </datafield>
  <datafield tag="905" ind1=" " ind2=" ">
   <subfield code="a">FO</subfield>
  </datafield>
  <datafield tag="852" ind1="0" ind2=" ">
   <subfield code="a">UPD</subfield>
   <subfield code="b">BGC-LL</subfield>
   <subfield code="h">K 3485</subfield>
   <subfield code="i">J35 2016</subfield>
  </datafield>
  <datafield tag="942" ind1=" " ind2=" ">
   <subfield code="a">Visual Material</subfield>
  </datafield>
 </record>
</collection>
